Score 0/20 Timer 02:00
0 Plays Today
Artist Missing Word % Correct
Neil YoungRush
81.1%
Bob DylanRevisited
66.5%
Bob DylanBlood
59.4%
Leonard CohenSongs
43.7%
Leonard CohenHate
38.9%
Neil YoungRust
37.3%
Bob DylanNashville
28.6%
Bob DylanFreewheelin'
22%
Neil YoungNowhere
21.2%
Tom WaitsRain
18.3%
Artist Missing Word % Correct
Bob DylanTheft
14.5%
Neil YoungGlory
13.8%
Tom WaitsClosing
12.2%
Neil YoungBeach
11.7%
Tom WaitsMule
11.7%
Tom WaitsMachine
10.6%
Tom WaitsChange
10.1%
Leonard CohenRoom
7.7%
Leonard CohenLadies'
7.5%
Leonard CohenSkin
5.1%

Today's Daily Dose

Remove Ads.
Support Sporcle.
Get the best of Sporcle when you Go Orange. This ad-free experience offers more features, more stats, and more fun while also helping to support Sporcle. Thank you for becoming a member.

You're not logged in!

Compare scores with friends on all Sporcle quizzes.
OR
Log In

Show Comments

Extras

Top Quizzes Today


Score Distribution

Your Account Isn't Verified!

In order to create a playlist on Sporcle, you need to verify the email address you used during registration. Go to your Sporcle Settings to finish the process.

Report this User

Report this user for behavior that violates our Community Guidelines.

Details: